Non-Textual marking systems in ancient egypt (and Elsewhere) /

محفوظ في:

المؤلف الرئيسي: Budka, Julia (مؤلف)

مؤلفون آخرون: Kammerzell, Frank.

التنسيق: كتاب

اللغة: German
English

سلاسل: Lingua aegyptia. Studia monographica ; 16.
LingAeg.SM ; 16.

الموضوعات:

الوسوم: إضافة وسم

لا توجد وسوم, كن أول من يضع وسما على هذه التسجيلة!

رقم الطلب: PJ1001 .L57 v.16

LEADER 01195namaa2200325 4500
003 OSt
005 20200322145739.0
008 130303s2015 gw a g b 000 0 ger d
952 |0 0  |1 0  |2 lcc  |3 V.16  |4 0  |6 PJ1001 L57 V.00016  |7 1  |9 334  |a ARCE  |b ARCE  |d 2020-03-09  |l 0  |o PJ1001 .L57 v.16  |p 1026891  |r 2020-03-09 00:00:00  |w 2020-03-09  |y BK 
999 |c 1269  |d 1269 
020 |a 9783943955163 
040 |c ARCE Library 
041 0 |a eng  |a ger 
043 |a f-ua--- 
050 0 4 |a PJ1001 .L57 v.16 
100 1 |a Budka, Julia,  |e author  |9 27470 
245 1 0 |a Non-Textual marking systems in ancient egypt (and Elsewhere) /   |c Julia Budka ; Frank Kammerzell. 
264 1 |a Hamburg :  |b Widmaier Verlag,  |c 2015. 
300 |a x, 322 pages :billustrations (some color) ;  |c 25 cm. 
490 1 |a Lingua aegyptia.  |a Studia monographica ;  |v 16 
490 1 |a LingAeg.SM ;   |v 16. 
500 |a 21 English, 2 German contributions. 
504 |a Includes bibliographical references. 
650 0 |a Pottery  |x Marks. 
650 0 |a Writing  |z Egypt. 
651 0 |a Deir el-Medina Site (Egypt) 
700 1 |a Kammerzell, Frank.  |9 33562 
830 0 |a Lingua aegyptia.  |p Studia monographica ;  |v 16. 
830 0 |a LingAeg.SM ;   |v 16. 
942 |c BK  |2 lcc